Primary school teachers participation in the development of school plans and job satisfaction /
محفوظ في:
| المؤلف الرئيسي: | |
|---|---|
| التنسيق: | أطروحة خريطة |
| اللغة: | English |
| منشور في: |
1990.
|
| الموضوعات: | |
| الوسوم: |
إضافة وسم
لا توجد وسوم, كن أول من يضع وسما على هذه التسجيلة!
|
| LEADER | 00876cem a2200241 a 4500 | ||
|---|---|---|---|
| 001 | u197457 | ||
| 003 | SIRSI | ||
| 008 | 920707s1990 si v 00 1 eng | ||
| 035 | |a AAX-5759 | ||
| 040 | |a UMM | ||
| 043 | |a a-si--- | ||
| 090 | |a LB2840.2 |b Kho | ||
| 100 | 1 | 0 | |a Khor, Violet Kim Heng. |
| 245 | 1 | 0 | |a Primary school teachers participation in the development of school plans and job satisfaction / |c Violet Khor Kim Heng. |
| 260 | |c 1990. | ||
| 300 | |a viii, 195 leaves ; |c 30 cm. | ||
| 502 | |a Dissertation (M.Ed.) -- National University of Singapore, 1990. | ||
| 504 | |a Bibliography: leaves 151-157. | ||
| 650 | 0 | |a Teachers |x Job satisfaction |z Singapore. | |
| 650 | 0 | |a Teacher participation in administration |z Singapore. | |
| 948 | |a 07/07/1992 |b 15/08/2002 | ||
| 596 | |a 1 | ||
| 999 | |a LB2840.2 KHO |w LC |c 1 |i A011066063 |d 17/8/2011 |e 17/8/2011 |l STACKS |m P01UTAMA |n 4 |r Y |s Y |t TESIS |u 11/7/1992 | ||
